Największe miasta na świecie na każdą literę - Statystyki

Ogólne statystyki
  • Ten quiz został rozwiązany 121 razy
    102 od ostatniego zresetowania
  • Średni wynik to 6 z 26
Statystyki odpowiedzi
Litera Miasto % Poprawnych
T Tokio
94%
P Pekin
81%
M Meksyk
55%
S Szanghaj
52%
D Delhi
48%
K Kair
42%
R Rio De Janeiro
41%
L Lagos
36%
B Buenos Aires
33%
O Osaka
25%
W Wuhan
25%
J Johannesburg
24%
X Xi'an
19%
C Chongqing
7%
E Erywań
7%
G Guadalajara
6%
N Nagoja
6%
V Vancouver
5%
Z Zhengzhou
5%
A Ahmadabad
4%
Q Qingdao
4%
I Ibadan
2%
F Foshan
1%
H Hajdarabad
1%
U Urumczi
1%
Y Yantai
1%
Nie znaleziono quizów pasujących do podanych kryteriów
Rozkład punktacji
Procent ludzi z każdym wynikiem
Percentyl według liczby udzielonych odpowiedzi
Twoja historia wyników
Nie rozwiązałeś tego quizu od ostatniego zresetowania